Son of Spergy - Daniel Caesar (Tracklist) - Statistics

General Stats
  • This quiz has been taken 70 times
  • The average score is 10 of 12
Answer Stats
TRACKS % Correct
Who Knows
95%
Moon (feat. Bon Iver)
89%
Emily's Song
88%
Baby Blue (feat. Norwill Simmonds)
86%
Rain Down (feat. Sampha)
84%
Have a Baby (With Me)
82%
Touching God (feat. YEBBA & Blood Orange)
82%
Call On Me
80%
Root Of All Evil
80%
Sins Of The Father (feat. Bon Iver)
80%
Sign Of The Times
77%
No More Loving (On Women I Don't Love) (feat. 646yf4t)
71%
No matching quizzes found
Score Distribution
Percent of People with Each Score
Percentile by Number Answered
Your Score History
You have not taken this quiz